Konkurencieschopnosť krajín V4 diplomová práca

Enregistré dans:
Détails bibliographiques
Auteur principal: Kulifajová, Simona
Collectivité auteur: Obchodná fakulta EU. Katedra medzinárodného obchodu
Autres auteurs: Sopková, Gabriela
Format: Livre
Langue:slovaque
Publié: Bratislava 2017
Tags: Ajouter un tag
Pas de tags, Soyez le premier à ajouter un tag!

MARC

LEADER 00000nbm a2200000 4500
001 0230664
005 20170927111747.8
041 0 |a slo 
044 |a SK 
245 1 0 |a Konkurencieschopnosť krajín V4  |b diplomová práca  |c Simona Kulifajová ; školiteľ: Gabriela Sopková 
264 1 |a Bratislava  |c 2017 
300 |a 69 s. 
100 1 |a Kulifajová, Simona 
700 1 |a Sopková, Gabriela 
710 2 |a Obchodná fakulta EU. Katedra medzinárodného obchodu